[Event "Hessen-ch Seniors op 08th"]
[Site "Bad Sooden-Allendorf"]
[Date "2012.04.22"]
[Round "9"]
[White "Bendisch, Juergen"]
[Black "Oldach, Ehrenfried"]
[Result "0-1"]
[WhiteElo "1947"]
[BlackElo "2025"]
[PlyCount "86"]
[EventDate "2012.04.14"]
[EventType "swiss"]
[EventRounds "9"]
[EventCountry "GER"]
[SourceTitle "EXT 2019"]
[Source "ChessBase"]
[SourceDate "2018.10.10"]
[SourceVersion "1"]
[SourceVersionDate "2018.10.10"]
[SourceQuality "1"]

1. d4 Nf6 2. Nf3 d5 3. Bf4 Bf5 4. Nh4 Bd7 5. h3 e6 6. Nd2 Nh5 7. Bxc7 Qxc7 8. e3 Nf6 9. Bd3 Nc6 10. c3 Be7 11. Nhf3 a6 12. 0-0 0-0 13. c4 Nb4 14. Be2 dxc4 15. Bxc4 Rfc8 16. a3 Nc6 17. Rc1 Na5 18. Bd3 Qxc1 19. Qxc1 Rxc1 20. Rxc1 Rc8 21. Rxc8+ Bxc8 22. Ne5 Nd7 23. Nef3 Nb6 24. Ne1 Bd7 25. g4 g6 26. Kg2 Kg7 27. Nc2 Nd5 28. Be4 Ba4 29. Ne1 Nb3 30. Nxb3 Bxb3 31. Nf3 Ba4 32. Nd2 Be8 33. Kf1 b5 34. Bd3 a5 35. Nb3 a4 36. Nd2 f5 37. Bb1 b4 38. axb4 Nxb4 39. Kg2 Bb5 40. Kg1 Nd3 41. Ba2 Kf6 42. b3 a3 43. Nb1 Bb4 0-1

[Event "Hessen-ch Seniors op 08th"]
[Site "Bad Sooden-Allendorf"]
[Date "2012.04.21"]
[Round "8"]
[White "Oldach, Ehrenfried"]
[Black "Schneider, Alexander"]
[Result "0-1"]
[WhiteElo "2025"]
[BlackElo "2027"]
[PlyCount "60"]
[EventDate "2012.04.14"]
[EventType "swiss"]
[EventRounds "9"]
[EventCountry "GER"]
[SourceTitle "EXT 2019"]
[Source "ChessBase"]
[SourceDate "2018.10.10"]
[SourceVersion "1"]
[SourceVersionDate "2018.10.10"]
[SourceQuality "1"]

1. e4 c6 2. Nc3 d5 3. Qf3 e6 4. e5 Ne7 5. d4 Nf5 6. Qd1 c5 7. Nf3 a6 8. dxc5 Bxc5 9. Bd3 Nh4 10. 0-0 Bd7 11. Nxh4 Qxh4 12. Qf3 Nc6 13. Qf4 Qxf4 14. Bxf4 h6 15. Rfe1 g5 16. Be3 Bxe3 17. fxe3 Nxe5 18. Be2 Bc6 19. Bh5 Ke7 20. Ne2 Rhg8 21. h3 f5 22. a4 Rac8 23. b4 Bd7 24. Nd4 g4 25. h4 Rc4 26. Rab1 Rgc8 27. a5 Nc6 28. Nb3 Rxb4 29. Nc5 Rxb1 30. Rxb1 Nxa5 0-1

[Event "Hessen-ch Seniors op 08th"]
[Site "Bad Sooden-Allendorf"]
[Date "2012.04.20"]
[Round "7"]
[White "Oldach, Ehrenfried"]
[Black "Niebuhr, Gerd"]
[Result "1/2-1/2"]
[WhiteElo "2025"]
[BlackElo "2079"]
[PlyCount "30"]
[EventDate "2012.04.14"]
[EventType "swiss"]
[EventRounds "9"]
[EventCountry "GER"]
[SourceTitle "EXT 2019"]
[Source "ChessBase"]
[SourceDate "2018.10.10"]
[SourceVersion "1"]
[SourceVersionDate "2018.10.10"]
[SourceQuality "1"]

1. e4 e5 2. Nf3 Nc6 3. Bb5 a6 4. Ba4 Nf6 5. Qe2 b5 6. Bb3 Bc5 7. a4 Bb7 8. 0-0 0-0 9. axb5 axb5 10. Rxa8 Qxa8 11. d3 d6 12. Be3 Qa7 13. Nc3 Qb6 14. Nd5 Nxd5 15. Bxd5 Nd4 1/2-1/2

[Event "Niedersachsen-ch Seniors op 14th"]
[Site "Bad Bevensen"]
[Date "2011.07.13"]
[Round "9"]
[White "Oldach, Ehrenfried"]
[Black "Pape, Manfred"]
[Result "0-1"]
[WhiteElo "1912"]
[BlackElo "2071"]
[PlyCount "84"]
[EventDate "2011.07.05"]
[EventType "swiss"]
[EventRounds "9"]
[EventCountry "GER"]
[SourceTitle "EXT 2012"]
[Source "ChessBase"]
[SourceDate "2011.11.24"]
[SourceVersion "1"]
[SourceVersionDate "2011.11.24"]
[SourceQuality "1"]

1. e4 c6 2. d4 g6 3. Nc3 Bg7 4. Nf3 d6 5. Be3 Nf6 6. h3 b5 7. a3 a6 8. Qd2 h6 9. Bd3 Qc7 10. 0-0 e5 11. dxe5 dxe5 12. Rfd1 Nbd7 13. Be2 Bb7 14. Nh2 0-0-0 15. Qd6 Qxd6 16. Rxd6 Kc7 17. Rad1 Bf8 18. R6d2 Bc5 19. Bxc5 Nxc5 20. Ng4 Rxd2 21. Rxd2 Nfxe4 22. Nxe4 Nxe4 23. Rd3 f6 24. Re3 c5 25. Bd3 Kd6 26. Nxh6 Ng5 27. Ng4 e4 28. Be2 f5 29. Nh2 f4 30. Rc3 Bd5 31. b4 c4 32. a4 Ne6 33. Ra3 Nd4 34. Bd1 Bb7 35. c3 Nf5 36. axb5 axb5 37. Ra5 Bc6 38. Ra2 Kc7 39. Rd2 Ra8 40. Nf1 Ra3 41. Rc2 Ne7 42. Nd2 Ra1 0-1

[Event "Hessen-ch Seniors op 07th"]
[Site "Bad Sooden-Allendorf"]
[Date "2011.05.05"]
[Round "6"]
[White "Oldach, Ehrenfried"]
[Black "Lang, Ferdinand"]
[Result "0-1"]
[WhiteElo "1888"]
[BlackElo "2041"]
[PlyCount "82"]
[EventDate "2011.04.30"]
[EventType "swiss"]
[EventRounds "9"]
[EventCountry "GER"]
[SourceTitle "EXT 2012"]
[Source "ChessBase"]
[SourceDate "2011.11.24"]
[SourceVersion "1"]
[SourceVersionDate "2011.11.24"]
[SourceQuality "1"]

1. e4 e5 2. Nf3 Nc6 3. Bb5 a6 4. Ba4 Nf6 5. Qe2 b5 6. Bb3 Be7 7. a4 b4 8. 0-0 d6 9. Qc4 Qd7 10. Qxf7+ Kd8 11. Qc4 a5 12. Ng5 Rf8 13. Ne6+ Ke8 14. Nxf8 Bxf8 15. Re1 Nd4 16. Qd3 Qg4 17. Qg3 Ne2+ 18. Rxe2 Qxe2 19. Qd3 Qxd3 20. cxd3 Ba6 21. Bc4 Nd7 22. b3 Nc5 23. d4 Bxc4 24. dxc5 Bxb3 25. Bb2 Kd7 26. cxd6 Bxd6 27. d4 exd4 28. Nd2 Be6 29. Bxd4 c5 30. Bxg7 Rg8 31. Bf6 Bf4 32. Rd1 Kc6 33. g3 c4 34. Kf1 Bxd2 35. Rxd2 c3 36. Bxc3 bxc3 37. Rc2 Kc5 38. Rxc3+ Bc4+ 39. Ke1 Rb8 40. e5 Kd4 41. Re3 Re8 0-1

[Event "Mecklenburg VP VL 1011"]
[Site "Mecklenburg VP"]
[Date "2011.02.27"]
[Round "7.5"]
[White "Oldach, Ehrenfried"]
[Black "Ehlers, Michael2222"]
[Result "1-0"]
[WhiteElo "1986"]
[BlackElo "1852"]
[PlyCount "145"]
[EventDate "2010.10.10"]
[EventType "team-tourn"]
[EventRounds "9"]
[EventCountry "GER"]
[SourceTitle "EXT 2022"]
[Source "ChessBase"]
[SourceDate "2021.10.06"]
[SourceVersion "1"]
[SourceVersionDate "2021.10.06"]
[SourceQuality "1"]
[WhiteTeam "Warnemuende SF Ostsee"]
[BlackTeam "Torgelow Droegeheide"]
[WhiteTeamCountry "GER"]
[BlackTeamCountry "GER"]

1. e4 c5 2. Nf3 Nc6 3. d4 cxd4 4. Nxd4 Nf6 5. Nc3 e6 6. Nxc6 bxc6 7. Bd3 d5 8. e5 Nd7 9. f4 Rb8 10. Rb1 Bb4 11. Bd2 Nc5 12. 0-0 Nxd3 13. cxd3 Ba6 14. Rf3 g6 15. Kh1 Qb6 16. a3 Bxc3 17. Bxc3 d4 18. Be1 Qb3 19. Bb4 Qxd1+ 20. Rxd1 Rb5 21. Rc1 Kd7 22. Rc4 Rd5 23. Rc2 Rb8 24. Bc5 Rb7 25. b4 Bb5 26. g4 Ba4 27. Rc4 Bd1 28. Rg3 a5 29. Rc1 axb4 30. axb4 Ba4 31. Ra1 Bb5 32. g5 Kc8 33. Bd6 Kd7 34. Ra8 Rxd6 35. exd6 Kxd6 36. Rd8+ Rd7 37. Rxd7+ Kxd7 38. Kg1 e5 39. Rf3 exf4 40. Rxf4 Ke6 41. Rxd4 Kf5 42. h4 f6 43. gxf6 Kxf6 44. Kf2 g5 45. Ke3 gxh4 46. Rxh4 Kg6 47. Rh3 h5 48. Kf4 Ba4 49. Rg3+ Kf6 50. Rg5 Bb5 51. d4 h4 52. Rh5 Ke6 53. Ke4 Kd6 54. Rh6+ Kc7 55. Rxh4 Bc4 56. Rh5 Be2 57. Rc5 Kd6 58. Rg5 Bc4 59. Rg6+ Kc7 60. Ke5 Bd5 61. Rg1 Kb6 62. Rc1 Bg2 63. Rc5 Bh1 64. Kd6 Bg2 65. Re5 Bh1 66. Re8 Bf3 67. Rb8+ Ka7 68. Kc7 Ka6 69. Rb6+ Ka7 70. b5 cxb5 71. Rxb5 Ka6 72. Rb2 Ka5 73. Kd6 1-0

[Event "Niedersachsen-ch Seniors op 13th"]
[Site "Bad Bevensen"]
[Date "2010.07.09"]
[Round "4"]
[White "Oldach, Ehrenfried"]
[Black "Wiemer, Juergen"]
[Result "1-0"]
[WhiteElo "1986"]
[BlackElo "2011"]
[PlyCount "95"]
[EventDate "2010.07.06"]
[EventType "swiss"]
[EventRounds "9"]
[EventCountry "GER"]
[SourceTitle "EXT 2012"]
[Source "ChessBase"]
[SourceDate "2011.11.24"]
[SourceVersion "1"]
[SourceVersionDate "2011.11.24"]
[SourceQuality "1"]

1. e4 d6 2. d4 Nf6 3. Bd3 e5 4. Nf3 Nc6 5. d5 Ne7 6. Be3 g6 7. c4 Bg7 8. h3 c6 9. Qd2 h6 10. Nc3 g5 11. g3 g4 12. hxg4 Nxg4 13. 0-0-0 Nxe3 14. fxe3 Bg4 15. Rdf1 Qc7 16. Nh4 Bd7 17. Qf2 f6 18. Kb1 0-0-0 19. Nf5 Nxf5 20. exf5 Kb8 21. e4 Qa5 22. Qc2 a6 23. Qb3 Ka7 24. Rc1 h5 25. Qd1 Be8 26. Be2 Qc5 27. Bxh5 Qd4 28. Bxe8 Rdxe8 29. Qxd4+ exd4 30. Rxh8 Bxh8 31. Ne2 Rxe4 32. Nf4 Bg7 33. dxc6 bxc6 34. Rh1 Kb6 35. Ne6 Rg4 36. Rh7 Rxg3 37. Rxg7 Rf3 38. Nxd4 Rf4 39. Nb3 Rxf5 40. Rd7 Rf4 41. Rxd6 Rxc4 42. Rxf6 a5 43. Nd2 Rd4 44. Kc2 a4 45. Re6 Kb5 46. Re4 Rd5 47. a3 Rc5+ 48. Kd3 1-0

[Event "EU-chT Seniors 12th"]
[Site "Dresden"]
[Date "2010.02.17"]
[Round "8"]
[White "Nordenstrom, Sven"]
[Black "Oldach, Ehrenfried"]
[Result "0-1"]
[WhiteElo "1961"]
[BlackElo "2070"]
[PlyCount "97"]
[EventDate "2010.02.10"]
[EventType "team-swiss"]
[EventRounds "9"]
[EventCountry "GER"]
[SourceTitle "CBM 134 Extra"]
[Source "ChessBase"]
[SourceDate "2010.03.03"]
[SourceVersion "1"]
[SourceVersionDate "2010.03.03"]
[SourceQuality "1"]
[WhiteTeam "Sweden (Seniors) IV"]
[BlackTeam "Mecklenburg Vorpommern Seniors II"]
[WhiteTeamCountry "SWE"]
[BlackTeamCountry "GER"]

1. Nf3 Nf6 2. g3 d6 3. Bg2 e5 4. d3 Be7 5. c4 Nc6 6. Nc3 0-0 7. 0-0 Bd7 8. e4 Qc8 9. Bg5 Bg4 10. Qd2 h6 11. Bxf6 Bxf6 12. Nd5 Bd8 13. Ne1 Nd4 14. f3 Bh5 15. Nc2 Bg5 16. Nxd4 Bxd2 17. Ne7+ Kh8 18. Nxc8 Be3+ 19. Kh1 Bxd4 20. Ne7 c6 21. Nf5 Bc5 22. a3 a5 23. b3 Kh7 24. g4 Bg6 25. Ng3 Rfb8 26. a4 b5 27. Rfd1 bxc4 28. bxc4 Rb2 29. Nf1 Rab8 30. Nd2 Rc2 31. Rac1 Ra2 32. Ra1 Rbb2 33. Rxa2 Rxa2 34. Nb3 Bb4 35. d4 Rxa4 36. d5 cxd5 37. cxd5 Ra3 38. Rb1 f6 39. Bf1 Be8 40. Be2 Ba4 41. Bd1 Kg6 42. Kg2 Kg5 43. Kf2 Kf4 44. h4 Ra2+ 45. Be2 Bxb3 46. Rxb3 Bc5+ 47. Ke1 a4 48. Rb7 Ke3 49. h5 0-1

[Event "EU-chT Seniors 12th"]
[Site "Dresden"]
[Date "2010.02.12"]
[Round "3"]
[White "Gunnarsson, Magnus"]
[Black "Oldach, Ehrenfried"]
[Result "1-0"]
[WhiteElo "2107"]
[BlackElo "2070"]
[PlyCount "43"]
[EventDate "2010.02.10"]
[EventType "team-swiss"]
[EventRounds "9"]
[EventCountry "GER"]
[SourceTitle "CBM 134 Extra"]
[Source "ChessBase"]
[SourceDate "2010.03.03"]
[SourceVersion "1"]
[SourceVersionDate "2010.03.03"]
[SourceQuality "1"]
[WhiteTeam "Reykjavik KR (Seniors)"]
[BlackTeam "Mecklenburg Vorpommern Seniors II"]
[WhiteTeamCountry "ISL"]
[BlackTeamCountry "GER"]

1. d4 e6 2. c4 f5 3. g3 Nf6 4. Bg2 Bb4+ 5. Bd2 Qe7 6. Nc3 0-0 7. Nf3 d6 8. 0-0 Bxc3 9. Bxc3 Ne4 10. Qc2 Nd7 11. Nd2 Nxc3 12. Qxc3 Nf6 13. e4 fxe4 14. Nxe4 Rb8 15. Rae1 Nxe4 16. Rxe4 a6 17. Rfe1 Rf6 18. f4 Bd7 19. d5 Qf7 20. dxe6 Rxe6 21. Rxe6 Bxe6 22. Rxe6 1-0

[Event "Mecklenburg VP-ch Seniors op 09th"]
[Site "Binz"]
[Date "2009.12.07"]
[Round "7.11"]
[White "Meier, Wolfgang"]
[Black "Oldach, Ehrenfried"]
[Result "1-0"]
[WhiteElo "1995"]
[BlackElo "1923"]
[PlyCount "89"]
[EventDate "2009.12.01"]
[EventType "swiss"]
[EventRounds "9"]
[EventCountry "GER"]
[SourceTitle "EXT 2022"]
[Source "ChessBase"]
[SourceDate "2021.10.06"]
[SourceVersion "1"]
[SourceVersionDate "2021.10.06"]
[SourceQuality "1"]

1. e4 e5 2. Nf3 Nc6 3. Bb5 a6 4. Ba4 Nf6 5. 0-0 Be7 6. Re1 b5 7. Bb3 d6 8. h3 Na5 9. d3 0-0 10. Nbd2 c5 11. c3 Nxb3 12. axb3 Ne8 13. Nf1 f5 14. Ne3 f4 15. Nd5 Nf6 16. Nxe7+ Qxe7 17. d4 cxd4 18. cxd4 Bb7 19. d5 h6 20. Bd2 Rfc8 21. Ba5 Nd7 22. Qe2 Rc5 23. Rec1 Rac8 24. Qe1 Nf6 25. Nd2 Qd7 26. Rxc5 Rxc5 27. Rc1 Qc8 28. Rc3 g5 29. Bb4 Rxc3 30. bxc3 Qc7 31. Qa1 Kf7 32. Qa3 Ne8 33. c4 Bc8 34. c5 dxc5 35. Bxc5 a5 36. b4 a4 37. Nf3 g4 38. hxg4 Nf6 39. d6 Qb7 40. Nxe5+ Kg7 41. f3 Be6 42. Qc1 Qa8 43. Bd4 Qc8 44. Qxc8 Bxc8 45. d7 1-0

[Event "Mecklenburg VP-ch Seniors op 09th"]
[Site "Binz"]
[Date "2009.12.03"]
[Round "3.7"]
[White "Oldach, Ehrenfried"]
[Black "Waschk, Armin"]
[Result "0-1"]
[WhiteElo "1923"]
[BlackElo "2175"]
[PlyCount "69"]
[EventDate "2009.12.01"]
[EventType "swiss"]
[EventRounds "9"]
[EventCountry "GER"]
[SourceTitle "EXT 2022"]
[Source "ChessBase"]
[SourceDate "2021.10.06"]
[SourceVersion "1"]
[SourceVersionDate "2021.10.06"]
[SourceQuality "1"]

1. e4 c5 2. Nf3 d6 3. d4 cxd4 4. Nxd4 Nf6 5. Nc3 g6 6. f4 Nbd7 7. Bb5 a6 8. Ba4 b5 9. Bb3 Bb7 10. Qf3 Bg7 11. Nde2 0-0 12. Be3 e6 13. a3 Qc7 14. Ng3 Bc6 15. Qe2 Rab8 16. 0-0 Rfe8 17. Rad1 h5 18. e5 dxe5 19. fxe5 Qxe5 20. Qd2 Ng4 21. Bd4 Qxd4+ 22. Qxd4 Bxd4+ 23. Rxd4 Nc5 24. Rd6 Bb7 25. h3 Ne3 26. Rf2 Nxb3 27. cxb3 Red8 28. Nge4 Nf5 29. Rxd8+ Rxd8 30. g4 hxg4 31. hxg4 Ne3 32. Nc5 Bc8 33. g5 Rd4 34. N3e4 Rd1+ 35. Kh2 0-1